Crime: participation in organized crime - Statistics

General Stats
  • This quiz has been taken 21 times
  • The average score is 3 of 15
Answer Stats
Hint Answer % Correct
4. Hong Kong
68%
15. Turkey and Czech Rep.
42%
6. Belarus
32%
10. Croatia
21%
7. El Salvador
21%
2. Nicaragua
21%
1. Estonia
16%
13. Romania
16%
5. Austria
11%
14. Ecuador
11%
9. Kazakhstan
11%
3. Malaysia
11%
12. Panama
11%
11. Azerbaijan
0%
8. Netherlands
0%
No matching quizzes found
Score Distribution
Percent of People with Each Score
Percentile by Number Answered
Your Score History
You have not taken this quiz